000 00869cam a2200229 a 4500
001 000001346
005 20200929145541.0
008 851224s1956 xxu 001 0aeng
040 _aDO-SdBNP
_bspa
_dBNPHU
082 _a973.918
_bT867m
100 1 _aTruman, Harry S.,
_d1884-1972
_94520
245 1 0 _aMemoirs of Harry S. Truman :
_byears of trial and hope /
_cHarry S. Truman.
260 _aNew York :
_bNew American Library,
_c1956.
300 _a2 v. ;
_c21 cm.
500 _aReprint. Originally published: Memoirs. Garden City, N.Y. : Doubleday, 1955-1956.
500 _aIncluye índice.
505 0 _av. 1. Year of decisions v. 2. Years of trial and hope.
651 4 _aEstados Unidos
_xPolítica Y Gobierno
_y1945-1953.
_94521
650 4 _aPresidentes
_zEstandos Unidos
_xBiografía
_94522
600 1 4 _aTRUMAN, HARRY S.,
_d1884-1972.
_94523
910 _aEn proceso
999 _c1275
_d1275